Dictionnaire des arts de l'islam /

محفوظ في:

المؤلف الرئيسي: Roux, Jean-Paul, 1925- (مؤلف)

التنسيق: كتاب

اللغة: French

منشور في: Paris : Réunion des musées nationaux ; Fayard, 2007.

الموضوعات:

الوسوم: إضافة وسم

لا توجد وسوم, كن أول من يضع وسما على هذه التسجيلة!

رقم الطلب: N6260 .R69 2007

LEADER 00688namaa2200217 4500
001 25217
003 OSt
005 20250824084607.0
008 130303s2007 fr ab bd 001 0 fre d
020 |a 9782711853830 
040 |c ARCE Library 
050 4 |a N6260 .R69 2007 
100 1 |a Roux, Jean-Paul,   |d 1925-   |e author 
245 1 0 |a Dictionnaire des arts de l'islam /   |c Jean-Paul Roux. 
264 1 |a Paris :   |b Réunion des musées nationaux ;   |b Fayard,   |c 2007.  
300 |a 495 pages :   |b color illustrations, color maps ;   |c 25 cm. 
504 |a Includes bibliographical references and index. 
650 0 |a Art, Islamic  |v Dictionaries. 
901 |a reviewed 
942 |c BK  |2 lcc 
999 |c 21169  |d 21169